Introducci ̤al Rg̈im Jurd̕ic de la Valoritzaci ̤dels Residus Municipals

Bibliographic Details
Main Author: Renyer Alimbau, Jaume
Other Authors: Sabat ̈Vidal, Josep Maria
Format: Unknown
Language:Spanish
Published: Barcelona : Cedecs, 2003
Subjects:
Online Access:Acceso restringido

MARC

LEADER 00000ny a22000003n 4500
005 20110525131425.0
008 080616s2003 sp s 000 0 spa c
020 |a 849566528X 
035 |a 708 
040 |a UMA.RE  |d vLex 
080 |a 628.4(4-672 UE)(0.034) 
080 |a 628.4(460)(0.034) 
080 |a 628.4(460.23)(0.034) 
090 |c 280  |d 280 
100 1 |a Renyer Alimbau, Jaume 
245 1 0 |a Introducci ̤al Rg̈im Jurd̕ic de la Valoritzaci ̤dels Residus Municipals  |h [Recurso electrn̤ico]  |c Jaume Renyer i Alimbau, Josep Mara̕ Sabat ̌Vidal 
256 |a Servicio en ln̕ea 
260 |a Barcelona :  |b Cedecs,  |c 2003 
506 1 |a Contenido solo disponible en los productos indicados  |d vLex Global  |d vLex Global (Academic Edition, excluding Law Schools)  |d vLex Global (U.S. Academic Edition, Law Schools)  |d vLex Global (U.S. Academic Edition, excluding Law Schools)  |d vLex Global (Academic Edition, Law Schools) 
650 0 4 |a Administrativo  |2 Tesauro vLex 
650 0 4 |a Actividad administrativa  |2 Tesauro vLex 
650 0 4 |a Acto administrativo  |2 Tesauro vLex 
700 1 |a Sabat ̈Vidal, Josep Maria 
740 0 |a vLex Libros (Servicios en ln̕ea) 
856 4 0 |u http://vlex.com/source/708  |z Acceso restringido 
942 |c BOOK 
999 0 |a Administrative law  |b Madrid